Personnages de La Belle et le Clochard par images - Disney - Statistiques

Statistiques générales
  • Ce quiz a été pris 14 fois
  • Le résultat moyen est 5 sur 17
Statistiques - réponses
Par images Réponse % Correct
Clochard
100%
Lady
92%
Si & Am
62%
Tante Sarah
54%
Darling
46%
Jock
46%
César
38%
Peg
38%
Le Castor
31%
Jim Dear
23%
Bull
8%
Tony
8%
Boris
0%
Dachsie
0%
Joe
0%
Pedro
0%
Toughy
0%
Aucun quiz correspondant
Distribution des résultats
% des personnes avec chaque résultat
Percentile par nombre de réponses
Votre historique - résultats
Vous n’avez pas pris ce quiz